| 000 | 00511nam a22001817a 4500 | ||
|---|---|---|---|
| 003 | CEME | ||
| 005 | 20210628210737.0 | ||
| 008 | 210212b xxu||||| |||| 00| 0 eng d | ||
| 020 | _a0-19-850004-1 | ||
| 040 | _c. | ||
| 082 | _a511.33 GRI | ||
| 100 |
_aGrindrod, Peter _980803 |
||
| 245 | _aThe theory and applications of reaction-diffusion equations patterns and waves | ||
| 260 |
_aOXFORD _bCLARENDON PRESS _c1996 |
||
| 300 | _aX,275P | ||
| 650 |
_aAPPLIED MATHEMATICS EQUATIONS _980804 |
||
| 942 |
_cBK _2ddc |
||
| 999 |
_c585676 _d585676 |
||